Elements of Company Law. (Record no. 6468)

MARC details
005 - DATE AND TIME OF LATEST TRANSACTION
control field 20250630094041.0
020 ## - INTERNATIONAL STANDARD BOOK NUMBER
International Standard Book Number 81-8054-134-7
082 ## - DEWEY DECIMAL CLASSIFICATION NUMBER
Classification number 344.1066 KAP
100 ## - MAIN ENTRY--PERSONAL NAME
Author name KAPOOR, N. D.
245 ## - TITLE STATEMENT
Title Elements of Company Law.
250 ## - EDITION STATEMENT
Edition statement 27th Ed.
260 ## - PUBLICATION, DISTRIBUTION, ETC.
Place of publication, distribution, etc. New Delhi,
Name of publisher, distributor, etc. Sultan Chand and Sons,
Date of publication, distribution, etc. 2005.
300 ## - PHYSICAL DESCRIPTION
Extent xiv, 578p.:
Other physical details Glossary
Dimensions 30cm
942 ## - ADDED ENTRY ELEMENTS (KOHA)
Source of classification or shelving scheme Dewey Decimal Classification
Koha item type Books
Holdings
Date last seen Total checkouts Full call number Barcode Cost, replacement price Price effective from Koha item type Lost status Source of classification or shelving scheme Damaged status Not for loan Withdrawn status Home library Current library Shelving location Date acquired Cost, normal purchase price
06/30/2025   344.1066 KAP DOM0003258 150000.00 06/30/2025 Books   Dewey Decimal Classification       CBE Dodoma CBE Dodoma Reference Collection 05/27/2007 50000.00
06/30/2025   344.1066 KAP DOM0003109 150000.00 06/30/2025 Books   Dewey Decimal Classification       CBE Dodoma CBE Dodoma General Collection 05/27/2007 50000.00